مكتبة جامعة عجلون الوطنية

فهرس بحث المكتبة

Normal view MARC view
  • المؤرخيون العراقيون- تراجم المسلمون-تراجم السويدي عبدالله بن حسيم بن مرعي 1104-1174 هجري

Entry Topical Term

Number of records used in: 1

001 - CONTROL NUMBER

  • control field: 19865

003 - CONTROL NUMBER IDENTIFIER

  • control field: JO-AjAnu

005 - DATE AND TIME OF LATEST TRANSACTION

  • control field: 20230606073450.0

008 - FIXED-LENGTH DATA ELEMENTS

  • fixed length control field: 230606|| aca||aabn | a|a d

040 ## - CATALOGING SOURCE

  • Original cataloging agency: JO-AjAnu
  • Transcribing agency: JO-AjAnu

150 ## - HEADING--TOPICAL TERM

  • Topical term or geographic name entry element: المؤرخيون العراقيون- تراجم المسلمون-تراجم السويدي عبدالله بن حسيم بن مرعي 1104-1174 هجري

670 ## - SOURCE DATA FOUND

  • Source citation: Work cat.: (JO-AjAnu)10198: تاليف رؤوف، عماد عبد السلام, author 19864, عبدالله السويدي: سيرته ورحلته